पत्रकारिता : (Record no. 122237)
[ view plain ]
| 000 -LEADER | |
|---|---|
| fixed length control field | 00840nam a22001937a 4500 |
| 005 - DATE AND TIME OF LATEST TRANSACTION | |
| control field | 20250504164832.0 |
| 008 - FIXED-LENGTH DATA ELEMENTS--GENERAL INFORMATION | |
| fixed length control field | 250504b |||||||| |||| 00| 0 eng d |
| 020 ## - INTERNATIONAL STANDARD BOOK NUMBER | |
| International Standard Book Number | 9789994626939 |
| 082 ## - DEWEY DECIMAL CLASSIFICATION NUMBER | |
| Edition number | 23rd. |
| Classification number | N070.4 |
| Item number | C811p |
| 100 1# - MAIN ENTRY--PERSONAL NAME | |
| Personal name | क्षेत्री, इन्द्रध्वज |
| 241 ## - ROMANIZED TITLE (BK AM CF MP MU VM) | |
| Romanized title | Patrakarita : siddhanta ra prayog. |
| 245 ## - TITLE STATEMENT | |
| Title | पत्रकारिता : |
| Remainder of title | सिद्धान्त र प्रयाेग / |
| Statement of responsibility, etc. | इन्द्रध्वज क्षेत्री र मनाेहरि थापा. |
| 260 ## - PUBLICATION, DISTRIBUTION, ETC. | |
| Place of publication, distribution, etc. | काठमाडाैं : |
| Name of publisher, distributor, etc. | प्रज्ञान प्रकाशन, |
| Date of publication, distribution, etc. | २०६४वि. |
| 300 ## - PHYSICAL DESCRIPTION | |
| Extent | 230p. : ill. |
| 504 ## - BIBLIOGRAPHY, ETC. NOTE | |
| Bibliography, etc. note | Includes references. |
| 650 ## - SUBJECT ADDED ENTRY--TOPICAL TERM | |
| Topical term or geographic name entry element | पत्रकारिता |
| 700 1# - ADDED ENTRY--PERSONAL NAME | |
| Personal name | थापा, मनाेहरी |
| 942 ## - ADDED ENTRY ELEMENTS (KOHA) | |
| Source of classification or shelving scheme | Dewey Decimal Classification |
| Koha item type | ISBN |
| Withdrawn status | Lost status | Source of classification or shelving scheme | Damaged status | Not for loan | Home library | Current library | Date acquired | Total Checkouts | Full call number | Barcode | Date last seen | Price effective from | Koha item type |
|---|---|---|---|---|---|---|---|---|---|---|---|---|---|
| Dewey Decimal Classification | Tribhuvan University Central Library | Tribhuvan University Central Library | 05/04/2025 | N070.4 C811p | IS6544 | 05/04/2025 | 05/04/2025 | ISBN |
